| 000 | 00661nam a2200205 i 4500 | ||
|---|---|---|---|
| 001 | 32560 | ||
| 003 | ES-MaACL | ||
| 005 | 20230906154608.0 | ||
| 007 | t| | ||
| 008 | 030131s1979 sp ||||1| spa d | ||
| 100 | 1 |
_aBernstein, Richard J. _928362 |
|
| 245 | 1 | 0 |
_aPraxis y acción _b: enfoques contemporáneos de la actividad humana / _cRichard J. Bernstein ; versión de Gabreil Bello Reguera. |
| 260 |
_a[Madrid] : _bAlianza, _c[1979] |
||
| 300 |
_a346 p. ; _c20 cm. |
||
| 490 | 1 | _aAlianza universidad | |
| 700 | 1 |
_aBello Reguera, Gabriel. _927248 |
|
| 830 | 0 |
_aAlianza universidad _9177276 |
|
| 852 |
_aES-MaACL _jA-10214 _bR.99037 |
||
| 999 |
_c32560 _d32560 |
||